Państwa, które kończą się na "n" - Statystyki

Ogólne statystyki
  • Ten quiz został rozwiązany 1 029 razy
    1 007 od ostatniego zresetowania
  • Średni wynik to 12 z 20
Statystyki odpowiedzi
Kraj % Poprawnych
Pakistan
81%
Tadżykistan
80%
Afganistan
79%
Turkmenistan
79%
Uzbekistan
79%
Kazachstan
77%
Kirgistan
74%
Iran
66%
Oman
64%
Azerbejdżan
61%
Jemen
60%
Liban
56%
Bhutan
55%
Sudan
50%
Watykan
46%
Bahrajn
43%
Benin
41%
Liechtenstein
37%
Gabon
34%
Kamerun
32%
Nie znaleziono quizów pasujących do podanych kryteriów
Rozkład punktacji
Procent ludzi z każdym wynikiem
Percentyl według liczby udzielonych odpowiedzi
Twoja historia wyników
Nie rozwiązałeś tego quizu od ostatniego zresetowania